Código civil, Código de processo civil, Constituição Federal : (Record no. 1383)

MARC details
000 -LÍDER
Campo Fixo de Controle 01193nam a2200289 a 4500
001 - NÚMERO DE CONTROLE
Campo de Controle 1383
003 - IDENTIFICAÇÃO DO NÚMERO DE CONTROLE
Campo de Controle BR-CuiBMT
005 - DATA E HORA DA ÚLTIMA ATUALIZAÇÃO
Campo de Controle 20231206193010.0
008 - DADOS FIXOS
Dados Fixos 231107s2016 spb 001 0 por d
020 ## - INTERNATIONAL STANDARD BOOK NUMBER
Nº do ISBN 97885432098837
040 ## - AGÊNCIA CATALOGADORA
Código da Agência Catalogadora BR-CuiBMT
Agência que transcreveu o registro BR-CuiBMT
080 ## - Nº DA CLASSIFICAÇÃO DECIMAL UNIVERSAL
Nº Class. CDU 347.91/.95
Subd. Auxiliar Comum (81)
Nº edição CDU 2007
090 ## - NÚMERO DE CHAMADA
Nº classificação 347.91/.95(81)
Cutter H835c
100 10 - ENTRADA PRINCIPAL -- AUTOR PESSOAL
Nome pessoal Houck Filho, Geraldo
245 10 - TÍTULO PRINCIPAL
Título principal Código civil, Código de processo civil, Constituição Federal :
Subtítulo decreto-Lei nº 4.657, de 4 de setembro de 1942 : lei de introdução às normas do direito brasileiro /
Indicação de responsabilidade Geraldo Houck Filho.
250 ## - EDIÇÃO
Edição [1. ed.]
260 ## - PUBLICAÇÃO, DISTRIBUIÇÃO, ETC.
Local de publicação São Paulo :
Editora On Line,
Data 2016.
300 ## - DESCRIÇÃO FÍSICA
N. páginas ou volumes 431 p. ;
Dimensões 21 cm
490 1# - INDICAÇÃO DE SÉRIE
Título da série Biblioteca jurídica ;
Volume/designação sequencial da série 4
500 ## - NOTAS GERAIS
Notas gerais Código civil (Lei nº 10.406, de 10/01/2002).<br/>Código de processo civil (Lei nº 13.105, de 16.03.2015).<br/>Constituição Federal (atualizada, incluindo a edição da emenda constitucional nº 91/2016).
500 ## - NOTAS GERAIS
Notas gerais Edição atualizada até 22 de março de 2016.
650 ## - ASSUNTO TÓPICO
Cabeçalho tópico ou nome geográfico Código processo civil
Subdivisão geográfica Brasil
650 ## - ASSUNTO TÓPICO
Cabeçalho tópico ou nome geográfico Código civil
Subdivisão geográfica Brasil
650 ## - ASSUNTO TÓPICO
Cabeçalho tópico ou nome geográfico Constituição Federal
Subdivisão geográfica Brasil
830 ## - ENTRADA SECUNDÁRIA DE SÉRIE -- TÍTULO UNIFORME
Título uniforme Biblioteca jurídica ;
Nº do volume/designação sequencial da série 4
942 ## - ELEMENTOS DE ENTRADA ADICIONAIS (KOHA)
Fonte de classificação ou esquema de arquivamento Classificação Decimal Universal
Tipo de item do Koha Livros
Holdings
Estado: removido Estado: perdido Fonte de classificação ou esquema de arquivamento Estado: danificado Indisponível para empréstimo Localização permanente Localização atual Data de aquisição Total Checkouts Número de Chamada completo Código de barras Date last seen Número do exemplar Preço efetivo a partir de Tipo de item (Koha)
    Classificação Decimal Universal     Biblioteca da Escola Superior de Contas do TCE/MT Biblioteca da Escola Superior de Contas do TCE/MT 06/12/2023   347.91/.95 (81) H835c BIBTCEMT23120263 06/12/2023 Ex. 1 06/12/2023 Livros

Powered by Koha